|
|
|
|
| LEADER |
02214nam a2200373 a 4500 |
| 001 |
2273371 |
| 003 |
BD-DhAAL |
| 008 |
090727r20071969enka b 001 0 eng d |
| 010 |
|
|
|a \\\78361391
|
| 020 |
|
|
|a 0192611097
|
| 020 |
|
|
|a 9780195609639
|
| 020 |
|
|
|a 0195609638
|
| 040 |
|
|
|a DLC
|c DLC
|d DLC
|d BD-DhAAL
|
| 082 |
0 |
0 |
|a 615/.19
|2 17
|
| 100 |
1 |
|
|a Bentley, Arthur Owen,
|d 1898-1943.
|9 44303
|
| 245 |
1 |
0 |
|a Bentley and Driver's textbook of pharmaceutical chemistry /
|c Arthur Owen Bentley.
|
| 250 |
|
|
|a Eighth edition revised.
|b by L. M. Atherden.
|
| 260 |
|
|
|a London,
|a New York :
|b Oxford U.P.,
|c 1969 [reprinted 2007].
|
| 300 |
|
|
|a ix, 916 pages :
|b illus. ;
|c 25 cm.
|
| 490 |
0 |
|
|a Oxford medical publications
|
| 504 |
|
|
|a Includes bibliographical references and index.
|
| 526 |
|
|
|x Mustak Ibn Ayub
Department of Mathematics and Natural Sciences
Course name and no. "not available"
|
| 541 |
1 |
|
|a Parash Publishers
|e 00018843
|
| 650 |
|
0 |
|a Pharmaceutical chemistry.
|9 44304
|
| 650 |
|
2 |
|a Chemistry, Pharmaceutical.
|9 44305
|
| 650 |
|
2 |
|a Pharmacy.
|9 44306
|
| 700 |
1 |
|
|a Driver, John Edmund,
|d b. 1900.
|9 44307
|
| 700 |
1 |
|
|a Atherden, Lewis Malcolm.
|9 44308
|
| 852 |
4 |
|
|a Ayesha Abed Library
|j General shelf
|
| 942 |
|
|
|2 ddc
|c BK
|
| 999 |
|
|
|c 8544
|d 8544
|
| 952 |
|
|
|0 0
|1 0
|2 ddc
|4 0
|6 615_190000000000000_BEN_2007
|7 0
|9 10134
|a BRACUL
|b BRACUL
|c GEN
|d 2010-05-13
|e Parash Publishers
|g 730.00
|l 2
|m 4
|o 615.19 BEN
|p 3010018843
|r 2014-12-01
|s 2014-11-07
|t 3
|w 2010-05-13
|y BK
|x Requisitioned by Mustak Ibn Ayub, Department of Mathematics and Natural Sciences, Course name and no. "not available"
|
| 952 |
|
|
|0 0
|1 0
|2 ddc
|4 0
|6 615_190000000000000_BEN_2007
|7 0
|9 10135
|a BRACUL
|b BRACUL
|c GEN
|d 2010-05-13
|e Parash Publishers
|g 730.00
|l 3
|m 4
|o 615.19 BEN
|p 3010018841
|r 2015-09-02
|s 2015-08-17
|t 1
|w 2010-05-13
|y BK
|x Requisitioned by Mustak Ibn Ayub, Department of Mathematics and Natural Sciences, Course name and no. "not available"
|
| 952 |
|
|
|0 0
|1 0
|2 ddc
|4 0
|6 615_000000000000000__19_BEN_2007
|7 0
|9 10136
|a PHR
|b PHR
|c GEN
|d 2010-05-13
|e Parash Publishers
|g 730.00
|l 5
|m 9
|o 615.19 BEN
|p 3010018842
|r 2014-12-09
|s 2014-11-23
|t 2
|v 1460.00
|w 2010-05-13
|y BK
|x Requisitioned by Mustak Ibn Ayub, Department of Mathematics and Natural Sciences, Course name and no. "not available"
|